Research Methodology & Information Literacy/ (Record no. 199907)

MARC details
000 -LEADER
fixed length control field 00529nam a22001577a 4500
005 - DATE AND TIME OF LATEST TRANSACTION
control field 20231229162631.0
020 ## - INTERNATIONAL STANDARD BOOK NUMBER
International Standard Book Number 9789392594274
Terms of availability 1450.00
037 ## - SOURCE OF ACQUISITION
Stock number Sunnvik Books
082 ## - DEWEY DECIMAL CLASSIFICATION NUMBER
Classification number 020
100 ## - MAIN ENTRY--PERSONAL NAME
Personal name Phadke, Dattatray Narayan
245 ## - TITLE STATEMENT
Title Research Methodology & Information Literacy/
Statement of responsibility, etc By Dattatray Narayan Phadke
260 ## - PUBLICATION, DISTRIBUTION, ETC. (IMPRINT)
Place of publication, distribution, etc New Delhi
Name of publisher, distributor, etc Ess Ess Publications
Date of publication, distribution, etc 2023
270 ## - ADDRESS
Address 4831/24, Ansari Road, Daryaganj
City New Delhi
Postal code 110002
300 ## - PHYSICAL DESCRIPTION
Extent 299p.
Dimensions 22cm(Hbk)
942 ## - ADDED ENTRY ELEMENTS (KOHA)
Source of classification or shelving scheme Dewey Decimal Classification
Item type English Books
Classification part 020
Call number suffix PHA

No items available.


© Delhi Public Library
Hit Counter
free hit counter